| 000 | 00664nam a22002057a 4500 | ||
|---|---|---|---|
| 005 | 20100811153829.0 | ||
| 010 | _aENG-99708 | ||
| 020 |
_a9788189412493 _c400.00 |
||
| 035 | _aEN-83240 | ||
| 037 | _bDBAD/PUB | ||
| 082 | _aS | ||
| 100 |
_aKhatri, Vikash _911352 |
||
| 245 |
_aWorld famous humour stories / _cby Vikash Khatri |
||
| 260 |
_aDelhi _bAvishkar Prakashan _c2010 |
||
| 270 |
_aL-20/13, Street No.5, Shivaji Marg, Kartar Nagar _bDelhi _e110053 |
||
| 300 | 1 |
_a200p. _c22cm (Hb) |
|
| 650 |
_aStories _9938 |
||
| 942 |
_2ddc _cEN _hS _mKHA |
||
| 999 |
_c41174 _d41174 |
||